000 01884nam0a2200385 4500
001 RU\NLR\BIBL_A\011963623
005 20190416095947.0
010 _a978-5-91556-484-7
021 _aRU
_bКН-П-19-010737
_9КН-П-19-0788
035 _a(NLR Aleph) 011963623
035 _a(RuMoRGB)009894715
090 _a11218016
_c11218016
100 _a20190319d2017 k y0rusy50 ca
101 1 _arus
_ceng
102 _aRU
_aCH
105 _aa|||z|||000zy
200 1 _aИнфекции опорно-двигательного аппарата. Основные принципы, профилактика, диагностика и лечение
_fПетер Е. Окснер, Оливер Боренс, Паул-Михаэль Бодлер [и др.
_gперевод с английского: Д. В. Бурков и др.]
205 _a1-е изд. в России
210 _aБарнаул
_cКолмогоров И.А.
_aГранво
_cШвейцарская ортопедия
_eотпечатано в России
_d2017
215 _a250 с.
_cил., цв. ил., табл.
_d19
300 _aНа обл. авт. не указаны
320 _aБиблиогр. в конце разд.
606 1 _aОпорно-двигательный аппарат
_xИнфекции
_2nlr_sh2
_3RU\NLR\AUTH\6601653792
610 0 _aинфекции опорно-двигательного аппарата
686 1 _aР456.148
686 1 _aР456.144
701 1 _aОкснер
_bП. Е.
_gПетер Е
701 1 _aБоренс
_bО.
_gОливер
701 1 _aБодлер
_bП.-М.
_gПауль-Михаэль
942 _cBOOK
980 _aNBR
980 _aNB